Normal view
MARC view
Entry Geographic Name
001 - CONTROL NUMBER
- control field: 23768
003 - CONTROL NUMBER IDENTIFIER
- control field: ARRUPE
005 - DATE AND TIME OF LATEST TRANSACTION
- control field: 20160414085027.0
008 - FIXED-LENGTH DATA ELEMENTS
- fixed length control field: 160414|| aca||aabn | a|a d
040 ## - CATALOGING SOURCE
- Original cataloging agency: ARRUPE
- Transcribing agency: ARRUPE
151 ## - HEADING--GEOGRAPHIC NAME
- Geographic name: China (People's Republic of China)
- General subdivision: Politics
- Chronological subdivision: 1949
670 ## - SOURCE DATA FOUND
- Source citation: Work cat.: (ARRUPE)0: Schurmann, Franz, 1926-2010. 23766, Ideology and organization in Communist China, 1968.